Ośmiotysięczniki - Statystyki

Ogólne statystyki
  • Ten quiz został rozwiązany 2 097 razy
  • Średni wynik to 10 z 14
Statystyki odpowiedzi
wysokość ośmiotysięcznik % Poprawnych
8848m Mount Everest
99%
8611m K2
98%
8516m Lhotse
75%
8091m Annapurna
74%
8047m Broad Peak
70%
8126m Nanga Parbat
70%
8586m Kanczendzonga
64%
8201m Czo Oju
61%
8068m Gaszerbrum I
61%
8035m Gaszerbrum II
61%
8463m Makalu
61%
8156m Manaslu
60%
8013m Sziszapangma
51%
8167m Dhaulagiri
45%
Nie znaleziono quizów pasujących do podanych kryteriów
Rozkład punktacji
Procent ludzi z każdym wynikiem
Percentyl według liczby udzielonych odpowiedzi
Twoja historia wyników
Nie rozwiązałeś tego quizu